El financiamiento de la educación en Costa Rica 1978-1997 /
| Hovedforfatter: | |
|---|---|
| Format: | Bog |
| Sprog: | spansk |
| Udgivet: |
Costa Rica :
Universidad Nacional de Costa Rica,
1997
|
| Fag: |
MARC
| LEADER | 00000nam a2200000Ia 4500 | ||
|---|---|---|---|
| 008 | 180321b1997 cr ||||| |||| 00| | spa d | ||
| 999 | |c 1656 |d 1656 | ||
| 090 | |a 06.02.05 |b 1297 | ||
| 100 | 1 | |a Esquivel Villegas, Francisco |9 3492 | |
| 245 | 1 | 3 | |a El financiamiento de la educación en Costa Rica 1978-1997 / |c Francisco Esquivel Villegas |
| 260 | |a Costa Rica : |b Universidad Nacional de Costa Rica, |c 1997 | ||
| 300 | |a 58 páginas | ||
| 650 | 1 | 4 | |a FINANCIAMIENTO DE LA EDUCACIÓN |9 338 |
| 650 | 1 | 4 | |a DATOS ESTADÍSTICOS |9 452 |
| 942 | |i 002069 |h 06.02.05 1297 |2 z |c 01 | ||
